书目信息 |
| 题名: |
乒乓球直板反胶打法训练
|
|
| 作者: | 吴敬平 著 | |
| 分册: | ||
| 出版信息: | 北京 人民体育出版社 2008.03 |
|
| 页数: | 151页 | |
| 开本: | 23cm | |
| 丛书名: | ||
| 单 册: | ||
| 中图分类: | G846.19 | |
| 科图分类: | ||
| 主题词: | 乒乓球运动--ping pang qiu yun dong--运动技术 | |
| 电子资源: | ||
| ISBN: | 978-7-5009-3362-5 | |
| 000 | 00906nam0 2200241 450 | |
| 001 | 012008355651 | |
| 005 | 20080501135839.55 | |
| 010 | @a978-7-5009-3362-5@dCNY32.00 (含光盘) | |
| 010 | @a978-7-88721-711-0@b光盘 | |
| 100 | @a20080501d2008 em y0chiy0120 ea | |
| 101 | 0 | @achi |
| 102 | @aCN@b110000 | |
| 105 | @aac z 000yy | |
| 106 | @ar | |
| 200 | 1 | @a乒乓球直板反胶打法训练@Aping pang qiu zhi ban fan jiao da fa xun lian@f吴敬平著@Fwu jing ping zhu |
| 210 | @a北京@c人民体育出版社@d2008.03 | |
| 215 | @a151页@c图, 肖像@d23cm@e光盘1片 | |
| 330 | @a本书不仅会给各省、市队的直板反胶运动员以及教练员带来很大的帮助,对全国各地的青少年运动员、教练员以及广大的乒乓球爱好者,也不失为一本非常值得阅读的好书。 | |
| 606 | 0 | @a乒乓球运动@Aping pang qiu yun dong@x运动技术 |
| 690 | @aG846.19@v4 | |
| 701 | 0 | @a吴敬平@Awu jing ping@4著 |
| 801 | 0 | @aCN@bQSSK@c20080501 |
| 905 | @b299893-95@dG846.19@eW804@f3 | |
| 乒乓球直板反胶打法训练/吴敬平著.-北京:人民体育出版社,2008.03 |
| 151页:图, 肖像;23cm+光盘1片 |
| ISBN 978-7-5009-3362-5:CNY32.00 (含光盘) |
| 本书不仅会给各省、市队的直板反胶运动员以及教练员带来很大的帮助,对全国各地的青少年运动员、教练员以及广大的乒乓球爱好者,也不失为一本非常值得阅读的好书。 |
| ● |
| 相关链接 |
|
|
|
正题名:乒乓球直板反胶打法训练
索取号:G846.19/W804
 
预约/预借
| 序号 | 登录号 | 条形码 | 馆藏地/架位号 | 状态 | 备注 |
| 1 | 299893 | 202998934 | 社科库409/409社科库 24排1列5层/ [索取号:G846.19/W804] | 在馆 | |
| 2 | 299894 | 202998943 | 社科库409/409社科库 24排1列5层/ [索取号:G846.19/W804] | 在馆 | |
| 3 | 299895 | 202998952 | 社科库409/409社科库 24排1列5层/ [索取号:G846.19/W804] | 在馆 |